000
00304nam a2200133Ia 4500
100
_a
Agarwal/M.L/ Sen/Kanwar
942
_c
BK
245
_a
Recent developments in Operational Research
260
_b
Narosa Publication House
_c
2001
082
_b
AGA
300
_a
435
546
_a
ENGLISH
999
_c
28760
_d
28760